| 000 | 00929 a2200289 4500 | ||
|---|---|---|---|
| 001 | 200043455 | ||
| 650 |
_940492 _aTransnational crime _xPrevention _xInternational cooperation |
||
| 999 |
_c200043455 _d16943 |
||
| 003 | TR-AnTOB | ||
| 005 | 20230908143717.0 | ||
| 008 | 111111s tu 000 0 | ||
| 020 | _a9780415437011 | ||
| 040 | _aTR-AnTOB | ||
| 041 | _aeng | ||
| 050 |
_aHV6252. _bH86 2011 |
||
| 090 | _aHV6252.H86 2011 | ||
| 245 | 0 |
_aHuman security ,transnational crime and human trafficking : _bAsian and western perspectives / _cedited by Shiro Okubo and Louise Shelley.. |
|
| 264 | 1 |
_acanada : _bToylor& Francis, _c2011. |
|
| 300 |
_a258P. ; _c23 cm. |
||
| 504 | _aIncludes bıbliographical references. | ||
| 650 |
_aTransnational crime _zAsia _978387 |
||
| 650 | 0 |
_aHuman trafficking _zAsia _978388 |
|
| 650 |
_aHuman smuggling _zAsia _978389 |
||
| 700 |
_aOkubo, Shiro _978385 |
||
| 700 |
_aShelley, Louise _978386 |
||
| 942 | _cBK | ||